Countries by Incomplete Flag - Statistics

General Stats
  • This quiz has been taken 1,076 times
  • The average score is 6 of 9
Answers on the Map
Answers color-coded by a green-red scale on the quiz's map according to % correct below.
 
Answer Stats
Countries % Correct
Vatican City
89%
Barbados
88%
Taiwan
85%
Mongolia
79%
Cambodia
72%
Lesotho
63%
Canada
59%
Malawi
59%
Lebanon
50%
No matching quizzes found
Score Distribution
Percent of People with Each Score
Percentile by Number Answered
Your Score History
You have not taken this quiz